Rise and development of totalitarian state (Record no. 361987)

000 -LEADER
fixed length control field 00414cam a22001337a 4500
008 - FIXED-LENGTH DATA ELEMENTS--GENERAL INFORMATION
fixed length control field 180718b1959 xxu||||| |||| 00| 0 eng d
082 ## - DEWEY DECIMAL CLASSIFICATION NUMBER
Classification number B258 C354
100 ## - MAIN ENTRY--PERSONAL NAME
Personal name Chalupa, V.
245 ## - TITLE STATEMENT
Title Rise and development of totalitarian state
Statement of responsibility, etc. by V. Chalupa
260 ## - PUBLICATION, DISTRIBUTION, ETC.
Place of publication, distribution, etc. Holland
Name of publisher, distributor, etc. Stenfert Kroese
Date of publication, distribution, etc. 1959
300 ## - PHYSICAL DESCRIPTION
Extent 294p.
650 ## - SUBJECT ADDED ENTRY--TOPICAL TERM
Topical term or geographic name entry element Czechoslovakia --Politics and government --1945-
650 ## - SUBJECT ADDED ENTRY--TOPICAL TERM
Topical term or geographic name entry element Communism --Czechoslovakia
Holdings
Withdrawn status Lost status Damaged status Not for loan Permanent Location Current Location Date acquired Full call number Barcode Date last seen Price effective from Koha item type
        Indian Institute of Public Administration Indian Institute of Public Administration 1994-03-19 B258 C354 19342 2018-07-21 2018-07-21 Book
        Indian Institute of Public Administration Indian Institute of Public Administration 1994-03-19 B258 C354 1067 2018-07-21 2018-07-21 Book

Powered by Koha